| 000 | 00601nam a22002177a 4500 | ||
|---|---|---|---|
| 003 | OSt | ||
| 005 | 20161109184047.0 | ||
| 008 | 161109b xxu||||| |||| 00| 0 eng d | ||
| 020 | _a1859962386 | ||
| 040 | _cDDC | ||
| 082 | _a596 VER 2003 | ||
| 100 |
_aBels, V.L; Gasc, J-P; Casinos, A. _911271 |
||
| 245 | _aVertebrate Biomechanics and Evolution | ||
| 260 | _aUK; Bios Scientific Publishers Ltd, 2003 | ||
| 300 | _axi,332p; ill: 24cm | ||
| 504 | _aReferences & index included | ||
| 650 |
_aEvolution _98680 |
||
| 650 |
_aVertebrates _9256 |
||
| 650 |
_aBiomechanics _92796 |
||
| 942 |
_2z _cO_SHELF |
||
| 999 |
_c5387 _d5387 |
||